000 00993nmm a2200313 a 4500
001 ocm000639684
003 TR-IsHL
005 20201028132139.0
008 131030s2009 tu tur
007 cr cn
020 _a9786054205011
035 _a639684
_b(N$T)
050 0 4 _aTK5105.8885.A26
_bD46 2009
090 0 4 _aTK5105.8885.A26
_bD46 2009
100 1 _aDemirkol, Zafer
245 1 0 _aC# ile ASP.Net 3.5
_h[electronic resource] /
_cZafer Demirkol
260 _aİstanbul :
_bKodlab Yayınevi,
_c2009
300 _a608 p.
650 4 _aBilgisayar
650 4 _aComputer Sciences
650 0 _aEtkin sunucu sayfaları
650 0 _aActive server pages
650 0 _aWeb siteleri
_x Tasarım
650 0 _aWeb sites
_x Design
650 0 _aC# (Bilgisayar program dili)
650 0 _aC# (Computer program language)
650 7 _aCOMPUTERS / Web / Design
_2bisacsh
856 4 0 _uhttp://search.ebscohost.com/login.aspx?direct=true&scope=site&db=e011xww&AN=639684
999 _c4938
_d4938